000 00280nam a22001337a 4500
008 170419b xxu||||| |||| 00| 0 eng d
020 _a9780534069247
041 _aeng
080 _24TH
_a573
100 _a11
101 _aSHM
245 _aBIOLOGY
_cSTARR, C
942 _2udc
_cBK
999 _c11071
_d11071